[Event "Luxembourg op"]
[Site "Luxembourg"]
[Date "1990.??.??"]
[Round "6"]
[White "Kengis, Edvins"]
[Black "Hausner, Ivan"]
[Result "1-0"]
[WhiteElo "2500"]
[BlackElo "2440"]

1.e4 d6 2.d4 Nf6 3.Nc3 c6 4.f4 Qa5 5.e5 Ne4 6.Qf3 Nxc3 7.Bd2 Bf5 8.Bd3 g6
9.bxc3 Qd5 10.Qe2 Bxd3 11.cxd3 c5 12.c4 Qxd4 13.Rb1 dxe5 14.Nf3 Qd7 15.Nxe5 Qc7
16.Qe4 Nc6 17.Nxc6 Qxc6 18.Bc3 f6 19.Rxb7 Qxe4+ 20.dxe4 Bh6 21.g3 Kf7 22.Ke2 Rhd8
23.Rd1 Rxd1 24.Kxd1 g5 25.f5 g4 26.Ke2 Bc1 27.Rc7 Ba3 28.e5 fxe5 29.Bxe5 a5
30.Ke3 h5 31.Ke4 Ra6 32.f6 Re6 33.Rxe7+ Rxe7 34.fxe7 Kxe7 35.Kd5 Kd7 36.Bd6 Bb4
37.Bxc5 Be1 38.a4 h4 39.gxh4 Bxh4 40.Bd6 Bf2 41.c5 Kc8 42.c6 Bb6 43.Ke6  1-0

[Event "Lyngby op"]
[Site "Lyngby"]
[Date "1990.??.??"]
[Round "3"]
[White "Muir, Andrew J"]
[Black "Deev, Andrei"]
[Result "0-1"]
[WhiteElo "2290"]
[BlackElo "2390"]

1.d4 d6 2.e4 Nf6 3.Nc3 c6 4.f4 Qa5 5.Bd3 e5 6.dxe5 dxe5 7.f5 b5 8.Qf3 b4
9.Nce2 c5 10.g4 h6 11.Bd2 Ba6 12.Bxa6 Qxa6 13.Ng3 Qc4 14.c3 Nc6 15.N1e2 Rd8
16.Nc1 bxc3 17.bxc3 Qa4 18.h4 Qc2 19.Rh2 Qb2 20.Qe2 Qxa1 21.Qb5 Rd6 22.Rg2 Nd7
23.f6 g6 24.Nf1 a6 25.Qb3 Nxf6 26.Ne3 Nxe4 27.Qc2 Nxd2 28.Rxd2 Rxd2 29.Kxd2 Be7
30.h5 gxh5 31.Qe4 Qb2+ 32.Kd1 O-O 33.Nd3 Qxc3 34.Nd5 Qa1+ 35.Ke2 Qd4 36.Qg2 Qxg4+  0-1

[Event "Lyon zt"]
[Site "Lyon"]
[Date "1990.??.??"]
[Round "12"]
[White "Kuijf, Marinus"]
[Black "Seret, Jean Luc"]
[Result "1/2-1/2"]
[WhiteElo "2490"]
[BlackElo "2405"]

1.e4 d6 2.d4 Nf6 3.Nc3 Nbd7 4.f4 e5 5.Nf3 exd4 6.Qxd4 c6 7.e5 dxe5 8.fxe5 Bc5
9.Qh4 Qe7 10.Bf4 Bb4 11.O-O-O Bxc3 12.exf6 Bxf6 13.Qg3 O-O 14.Bd6 Qe3+ 15.Kb1 Qb6
16.b3 Re8 17.Bc4 Nc5 18.Ng5 Bxg5 19.Qxg5 Ne4 20.Bxf7+ Kxf7 21.Qh5+ g6 22.Qxh7+ Kf6
23.Rhf1+ Bf5 24.g4 Nc3+ 25.Ka1 Nxd1 26.Rxf5+ gxf5 27.Qxf5+ Kg7 28.Qg5+ Kf7
29.Qf5+ Kg7 30.Qg5+  1/2-1/2

[Event "Maribor"]
[Site "Maribor"]
[Date "1990.??.??"]
[Round "1"]
[White "Sokolov, Ivan"]
[Black "Supancic, Darko"]
[Result "1-0"]
[WhiteElo "2550"]
[BlackElo "2355"]

1.d4 d6 2.e4 Nf6 3.Nc3 e5 4.Nf3 Nbd7 5.Bc4 Be7 6.O-O O-O 7.a4 c6 8.Ba2 a5
9.Re1 Qc7 10.h3 h6 11.Qe2 Nh7 12.Be3 Ng5 13.Nxg5 hxg5 14.Qd2 exd4 15.Bxd4 Ne5
16.Nd1 Bf6 17.Ne3 Be6 18.Bxe6 fxe6 19.Qc3 Qf7 20.Re2 Qh5 21.Rae1 Rf7 22.Qd2 Raf8
23.Bxe5 Bxe5 24.Ng4 Rf4 25.Nxe5 dxe5 26.f3 Qh4 27.Qd6 g4 28.Qxe6+ Kh7 29.hxg4 Qg3
30.Qxe5 R8f6 31.Rf2 Rh6 32.Rd1 Rh2 33.Kf1 Rh1+ 34.Ke2 Rxd1 35.Kxd1 Qxf2 36.Qxf4 Qf1+
37.Kd2 Qxg2+ 38.Kc3 Qf2 39.e5 b5 40.Qe4+ Kg8 41.e6  1-0

[Event "Marseille"]
[Site "Marseille"]
[Date "1990.??.??"]
[Round "3"]
[White "Prie, Eric"]
[Black "Chabanon, Jean Luc"]
[Result "1/2-1/2"]
[WhiteElo "2435"]
[BlackElo "2445"]

1.e4 d6 2.d4 Nf6 3.Nc3 c6 4.f4 Qa5 5.e5 Ne4 6.Qf3 Nxc3 7.Bd2 Qd5 8.bxc3 Bf5
9.Bd3 Bxd3 10.Qxd5 cxd5 11.cxd3 Nc6 12.Nf3 e6 13.Rb1 b6 14.O-O Be7 15.a4  1/2-1/2

[Event "URS-ch U26"]
[Site "Minsk"]
[Date "1990.??.??"]
[Round "?"]
[White "Kruppa, Yuri"]
[Black "Orlov, Georgi"]
[Result "1/2-1/2"]
[WhiteElo "2460"]
[BlackElo "2505"]

1.e4 d6 2.d4 Nf6 3.Nc3 c6 4.Nf3 Bg4 5.h3 Bh5 6.g4 Bg6 7.Qe2 d5 8.e5 Ne4 9.e6 fxe6
10.Ne5 Nxc3 11.bxc3 Qa5 12.Qd2 Nd7 13.Nxg6 hxg6 14.Bd3 O-O-O 15.Bxg6 e5 16.Bf5 e6
17.Bxe6 exd4 18.Kf1 dxc3 19.Qf4 Bc5 20.Qe5 Rhf8 21.Bf4 Rxf4 22.Qxf4 Rf8 23.Bf5 g6
24.h4 gxf5 25.g5 Qb5+ 26.Kg2 Qe2 27.Rae1 Qxc2 28.Re6 d4 29.Rhe1 Rd8 30.R6e2 Qd3
31.g6 Qc4 32.Re8 Qd5+ 33.f3 d3 34.Qg5 Bb6 35.Rxd8+ Bxd8 36.Re8 Nf6 37.Qxf6 d2
38.Rxd8+ Qxd8 39.Qxd8+ Kxd8 40.g7 d1=Q 41.g8=Q+ Ke7 42.Qg7+ Ke6 43.Qg8+ Kd7
44.Qg7+ Kd6 45.Qf6+ Kc7 46.Qe7+ Kc8 47.Qf8+ Qd8 48.Qxf5+ Kc7 49.Qe5+ Kb6
50.Qxc3 Qxh4 51.Qb3+ Ka6 52.Qa3+ Kb5 53.Qxa7 Qg5+ 54.Kf1 Qc1+ 55.Ke2 Qc2+
56.Ke3 Qc3+ 57.Ke4 Qc4+ 58.Ke3 Qe6+ 59.Kf2 Qd7 60.Qe3 c5 61.Qb3+ Kc6 62.Ke2 Qe7+
63.Qe3 Qf7 64.Qe4+ Kb5 65.Qb1+ Ka4 66.Qc2+ Kb5 67.Qb3+ Qxb3 68.axb3 Kb4 69.f4 Kxb3
70.f5 c4 71.f6 c3  1/2-1/2

[Event "URS-ch U26"]
[Site "Minsk"]
[Date "1990.??.??"]
[Round "?"]
[White "Magomedov, Magaram"]
[Black "Orlov, Georgi"]
[Result "0-1"]
[WhiteElo "2360"]
[BlackElo "2505"]

1.e4 d6 2.d4 Nf6 3.Nc3 c6 4.Nf3 Bg4 5.h3 Bh5 6.Be2 e6 7.Be3 Be7 8.g4 Bg6
9.Nd2 d5 10.e5 Nfd7 11.Nb3 a5 12.a4 Na6 13.Qd2 Nb4 14.Bd1 Nb6 15.Bf4 Nc4
16.Qc1 f6 17.Nd2 fxe5 18.dxe5 Nxd2 19.Qxd2 d4 20.Nb1 O-O 21.O-O Nxc2 22.Bxc2 Bxc2
23.Qxc2 Rxf4 24.Qb3 Qd7 25.Nd2 Bb4 26.Nf3 d3 27.Ng5 Re8 28.Rad1 Qe7 29.h4 Rxg4+
30.Kh2 Rxh4+ 31.Nh3 d2 32.Rg1 Re4 33.Qg3 Re1 34.Ng5 Rxe5 35.f4 Re1 36.Qh3 h6
37.Nf3 Rxd1 38.Rxd1 Qf6 39.Qg4 Rf8  0-1

[Event "Moscow1"]
[Site "Moscow"]
[Date "1990.??.??"]
[Round "?"]
[White "Beshukov, Sergei"]
[Black "Komliakov, Viktor"]
[Result "0-1"]
[WhiteElo "2330"]
[BlackElo "2400"]

1.e4 d6 2.d4 Nf6 3.Nc3 c6 4.Nf3 Bg4 5.Be2 e6 6.O-O Be7 7.Be3 d5 8.Nd2 Bxe2
9.Qxe2 dxe4 10.Ncxe4 Nbd7 11.c4 O-O 12.Rfd1 Nxe4 13.Nxe4 Nf6 14.Nc3 Qa5 15.Rac1 Qf5
16.Qc2 Qxc2 17.Rxc2 Rfd8 18.h3 Rd7 19.Kf1 Rad8 20.Ke2 b6 21.Rcd2 Bb4 22.Rd3 h6
23.a3 Be7 24.g4 b5 25.R3d2 bxc4 26.Rc2 Nd5 27.Na4 Nb6 28.Nxb6 axb6 29.Rxc4 c5
30.Rd2 b5 31.Rxc5 Bxc5 32.dxc5 Rxd2+ 33.Bxd2 Kf8 34.Bf4 Ke8 35.Bd6 Kd7 36.Kd3 Kc6
37.Kc3 Ra8 38.Kb3 h5 39.f3 hxg4 40.hxg4 Ra4 41.g5  0-1

[Event "Moscow4"]
[Site "Moscow"]
[Date "1990.??.??"]
[Round "?"]
[White "Iashvili, Akaki"]
[Black "Vorotnikov, Vladislav V"]
[Result "0-1"]
[WhiteElo "2275"]
[BlackElo "2405"]

1.d4 d6 2.e4 Nf6 3.Nc3 c6 4.f4 d5 5.e5 Ng8 6.Bd3 g6 7.Be3 h5 8.Qe2 Nh6 9.Bf2 Bf5
10.Bxf5 Nxf5 11.e6 f6 12.Nf3 Qd6 13.Nh4 Nxh4 14.Bxh4 Qxf4 15.Bg3 Qg4 16.Qxg4 hxg4
17.b4 Bg7 18.Kd2 f5 19.Kd3 g5 20.b5 Rh6 21.Rae1 f4 22.Bf2 cxb5 23.Nxd5 Na6
24.Nc3 Nc7 25.g3 O-O-O 26.a4 Nxe6 27.axb5 Nxd4  0-1

[Event "Moscow (Women)"]
[Site "Moscow"]
[Date "1990.??.??"]
[Round "?"]
[White "Kuzmina, C C."]
[Black "Sheremetieva, Marina"]
[Result "1/2-1/2"]
[WhiteElo "2100"]
[BlackElo "2205"]

1.e4 d6 2.d4 Nf6 3.Nc3 c6 4.Nf3 Bg4 5.Be2 e6 6.O-O Be7 7.a4 d5 8.exd5 Bxf3
9.Bxf3 cxd5 10.Bf4 Nc6 11.Ne2 Rc8 12.c3 O-O 13.Nc1 Na5 14.Nd3 Qb6 15.Rb1 Rfd8
16.Re1 Nc4 17.Ne5 a6 18.Nxc4 Rxc4 19.Be2 Rcc8 20.Bd3 Qc6 21.Ra1 h6 22.Re3 Bd6
23.Bxd6 Qxd6 24.Qe2 Rb8 25.a5 Rdc8 26.g3 Rc6 27.Ra3 Kf8 28.h3 Qc7 29.Bb1 Ne8
30.Qf3 Kg8 31.Re1 Nd6 32.Bd3 Nc4 33.Bxc4  1/2-1/2

[Event "Moscow (Women)"]
[Site "Moscow"]
[Date "1990.??.??"]
[Round "?"]
[White "Domkute, R."]
[Black "Sheremetieva, Marina"]
[Result "1-0"]
[WhiteElo "2225"]
[BlackElo "2205"]

1.d4 d6 2.e4 Nf6 3.Nc3 c6 4.a4 Na6 5.Be2 Nb4 6.Nf3 d5 7.e5 Ne4 8.Na2 Nxa2
9.Rxa2 e6 10.O-O f6 11.exf6 Nxf6 12.Bf4 Be7 13.a5 O-O 14.c3 c5 15.Be5 Bd7
16.Bd3 Qe8 17.Ng5 h6 18.Nh3 cxd4 19.cxd4 Bb5 20.Nf4 Bxd3 21.Qxd3 Bd8 22.Qh3 Rf7
23.Qxe6 Qb5 24.Ra3 Qd7 25.Qxd7 Rxd7 26.Rc1 Ne4 27.b4 Be7 28.Nd3 Bd6 29.Bxd6 Nxd6
30.Ne5 Re7 31.Rd3 Rd8 32.Ng6 Rf7 33.Rdc3 Kh7 34.Ne5 Rf4 35.Nf3 Nb5 36.Rd3 a6
37.g3 Re4 38.Rc5 Re6 39.Re3 Re4 40.Rd3 Re6 41.Kg2 Re2 42.Re3 Rb2 43.Re7 Rxb4
44.Rxb7 Ra4 45.Ne5 Re8 46.Rxd5 Nxd4 47.Ng4 Re2 48.Nf6+ Kg6 49.Nh5 Ne6 50.Rb6 Kh7
51.Rb7 Raa2 52.Rf7 Kg6 53.Rf3 Kh7 54.Nf4 Nxf4+ 55.Rxf4 Reb2 56.Rf7 Rb5 57.Rdd7 Rg5
58.h4 Rg6 59.Rf5 Ra4 60.Kh2 Rb4 61.Rd8 Rc6 62.Kg2 Rcc4 63.Rff8 Rb5 64.Rh8+ Kg6
65.Rd6+ Kf7 66.Rxa6 Rc7 67.Rha8 Rc2 68.R6a7+ Ke6 69.Rxg7 Rf5 70.Ra6+ Kd5
71.Rd7+ Ke5 72.Re7+ Kd5 73.Rxh6 Rfxf2+ 74.Kh3 Rh2+ 75.Kg4 Rc4+ 76.Kh5 Rc3
77.Rg7 Ra2 78.a6 Ke4 79.Rhg6 Ra5+ 80.Kh6 Kf3 81.g4 Kg3 82.h5 Kh4 83.Kh7 Rc8
84.h6 Ra8 85.Rb7 R8xa6 86.Rxa6 Rxa6 87.Kg7 Kg5 88.h7 Rg6+ 89.Kf8  1-0

[Event "Moscow1"]
[Site "Moscow"]
[Date "1990.??.??"]
[Round "?"]
[White "Ivanenko, S."]
[Black "Komliakov, Viktor"]
[Result "1/2-1/2"]
[WhiteElo "2350"]
[BlackElo "2400"]

1.d4 d6 2.e4 Nf6 3.Nc3 Nbd7 4.g3 e5 5.Nge2 c6 6.Bg2 Be7 7.h3 b5 8.a3 Bb7
9.g4 a5 10.Ng3 O-O 11.O-O exd4 12.Qxd4 Ne8 13.Rd1 Bf6 14.Qe3 g6 15.Rb1 Bg7
16.a4 b4 17.Nce2 Qe7 18.b3 Nc7 19.c4 bxc3 20.Nxc3 Nc5 21.Nce2 Rfe8 22.Ba3 N7a6
23.Qd2 Nb4 24.Bxb4 axb4 25.Qxb4 Ba6 26.Qd2 Bd3 27.b4 Bxe2 28.Nxe2 Nxe4 29.Qc2 d5
30.Nd4 Bxd4 31.Rxd4 Qa7 32.Qd3 Qxa4 33.Bxe4 dxe4 34.Rxe4 Rxe4 35.Qxe4 c5  1/2-1/2

[Event "Moscow1"]
[Site "Moscow"]
[Date "1990.??.??"]
[Round "?"]
[White "Gavrilov, Alexei"]
[Black "Komliakov, Viktor"]
[Result "1/2-1/2"]
[WhiteElo "2370"]
[BlackElo "2400"]

1.e4 d6 2.d4 Nf6 3.Nc3 Nbd7 4.Nf3 e5 5.Bc4 Be7 6.O-O O-O 7.a4 c6 8.Qe2 exd4
9.Nxd4 Re8 10.Qd1 Bf8 11.f3 d5 12.exd5 Nb6 13.Ba2 Nbxd5 14.Nxd5 Nxd5 15.c3  1/2-1/2

[Event "GMA-qual f"]
[Site "Moscow"]
[Date "1990.??.??"]
[Round "1"]
[White "Hjartarson, Johann"]
[Black "Dorfman, Josif D"]
[Result "1/2-1/2"]
[WhiteElo "2505"]
[BlackElo "2595"]

1.e4 d6 2.d4 Nf6 3.Nc3 c6 4.f4 Qa5 5.Bd3 e5 6.Nf3 Bg4 7.Be3 exd4 8.Bxd4 Qb4
9.Bxf6 gxf6 10.Qd2 Bxf3 11.gxf3 Bh6 12.O-O-O Nd7 13.Kb1 O-O-O  1/2-1/2

[Event "New York op"]
[Site "New York"]
[Date "1990.??.??"]
[Round "1"]
[White "Burger, Karl"]
[Black "Orlov, Georgi"]
[Result "0-1"]
[WhiteElo "2345"]
[BlackElo "2505"]

1.d4 d6 2.e4 Nf6 3.Nc3 c6 4.Nf3 Bg4 5.Be2 e6 6.h3 Bh5 7.Bg5 Be7 8.Qd2 d5
9.e5 Nfd7 10.Bxe7 Qxe7 11.g4 Bg6 12.h4 h5 13.Ng5 Nb6 14.b3 N8d7 15.a4 O-O-O
16.a5 Na8 17.gxh5 Bxh5 18.Bxh5 Rxh5 19.Qf4 f6 20.Qg4 Rdh8 21.Nf3 fxe5 22.dxe5 Nxe5
23.Nxe5 Rxe5+ 24.Kd2 Nc7 25.Ra4 Rf5 26.f4 Qf6 27.Ne2 c5 28.h5 Nb5 29.Raa1 Nd4
30.Qg6 Nxe2 31.Qxf6 gxf6 32.Kxe2 Rfxh5 33.Rxh5 Rxh5 34.Rg1 Rf5 35.Rg8+ Kc7
36.Ke3 e5 37.fxe5 fxe5 38.c4 dxc4 39.bxc4 Rf7 40.Ke4 Re7 41.Ra8 a6 42.Rh8 Kd6
43.Rh6+ Re6 44.Rh7 Kc6 45.Kf5 Re8 46.Rh6+ Kc7 47.Ke4 Rd8 48.Kxe5 Rd4 49.Rh7+ Kb8
50.Rh8+ Ka7 51.Rc8 Rxc4 52.Kd5 Rd4+ 53.Kxc5 Ra4  0-1

[Event "New York op"]
[Site "New York"]
[Date "1990.??.??"]
[Round "3"]
[White "Ernst, Thomas"]
[Black "Orlov, Georgi"]
[Result "0-1"]
[WhiteElo "2440"]
[BlackElo "2505"]

1.e4 d6 2.d4 Nf6 3.Nc3 c6 4.f4 g6 5.Nf3 Bg7 6.Be2 O-O 7.O-O Na6 8.Kh1 Qb6
9.Rb1 Rd8 10.Be3 Qc7 11.Qe1 d5 12.e5 Ng4 13.Bg1 Nh6 14.h3 f6 15.g4 b5 16.Nd1 Rf8
17.Ne3 fxe5 18.fxe5 Qd7 19.Qh4 Nf7 20.Bd3 Qd8 21.c3 Nc7 22.Bh2 a5 23.Rf2 Ra7
24.Rg1 b4 25.Nf5 Ne8 26.Qg3 Nh6 27.N5h4 e6 28.Ng2 Raf7 29.h4 Nc7 30.Qh3 bxc3
31.bxc3 Nb5 32.Bxb5 cxb5 33.g5 Nf5 34.Nf4 Ne3 35.Re1 Nc4 36.Qg4 Nd6 37.h5 Ne4
38.Rff1 Rxf4 39.Bxf4 gxh5 40.Qh4 Qe8 41.Rc1 b4 42.cxb4 Ba6 43.Rfe1 Qf7 44.bxa5 Qxf4
45.Qxf4 Rxf4 46.Re3 Bc4 47.Rb1 Rf8 48.Rb6 Ra8 49.a6 Bf8 50.Rxe6 Bxa6 51.Rb3 Be2
52.Rc6 Bd1 53.Re3 Rxa2 54.Rc8 Rf2 55.e6 Bxf3+ 56.Rxf3 Rxf3 57.e7 Nd6 58.Rd8 Kg7
59.exf8=Q+ Rxf8 60.Rxd6 Rf5 61.Kh2 Rxg5 62.Kh3 Kf7 63.Rh6 Rg4 64.Rxh5 Rxd4
65.Rxh7+ Kg6 66.Rd7 Kf5 67.Kg2 Ke6 68.Ra7 Rf4 69.Ra1 Ke5 70.Re1+ Kd4 71.Rd1+ Kc5
72.Kg3 Rf5 73.Kg4 Rf8 74.Rc1+ Kb4 75.Rb1+ Kc4 76.Rc1+ Kb3 77.Rd1 Rd8 78.Kf3 Kc2
79.Ra1 d4 80.Ke4 d3 81.Ra2+ Kb3 82.Rd2 Kc3  0-1

[Event "New York op"]
[Site "New York"]
[Date "1990.??.??"]
[Round "6"]
[White "Friedman, Aviv"]
[Black "San Segundo, Pablo"]
[Result "0-1"]
[WhiteElo "2350"]
[BlackElo "2405"]

1.e4 d6 2.d4 Nf6 3.Nc3 c6 4.f4 Qa5 5.e5 Ne4 6.Qf3 Nxc3 7.Bd2 Bf5 8.Bxc3 Qd5
9.Qxd5 cxd5 10.O-O-O Nc6 11.Bd3 Bxd3 12.Rxd3 e6 13.Nf3 Be7 14.Re1 Kd7 15.Bd2 Rac8
16.exd6 Bxd6 17.Ne5+ Bxe5 18.dxe5 g6 19.Kb1 b5 20.a4 a6 21.Ree3 h6 22.Rh3 h5
23.axb5 axb5 24.Ra3 Ra8 25.Rhb3 Rxa3 26.Rxa3 Kc7 27.Be3 d4 28.Bf2 Rd8 29.Kc1 b4
30.Rd3 Kb6 31.Rd1 Kc5 32.Kd2 g5 33.fxg5 Nxe5 34.c3 Nc4+ 35.Kc2 e5 36.h4 b3+
37.Kb1 Kd5 38.cxd4 e4 39.Re1 Rc8 40.Re2 e3 41.Be1 Kxd4 42.Bc3+ Kd3 43.Re1 Nd2+  0-1

[Event "NLD-ch"]
[Site "?"]
[Date "1990.??.??"]
[Round "4"]
[White "Piket, Jeroen"]
[Black "Ree, Hans"]
[Result "1/2-1/2"]
[WhiteElo "2495"]
[BlackElo "2455"]

1.d4 d6 2.e4 Nf6 3.Nc3 e5 4.Nf3 Nbd7 5.Bc4 Be7 6.O-O O-O 7.Re1 c6 8.a4 Qc7
9.h3 b6 10.Bg5 a6 11.d5 Bb7 12.dxc6 Bxc6 13.Qe2 Bb7 14.Rad1 Rfc8 15.b3 h6
16.Bxf6 Nxf6 17.Nh4 d5 18.exd5 Bb4 19.d6 Bxd6 20.Nf5 Bb4 21.Rd3 Bxc3 22.Rxc3 Be4
23.Ng3 Bd5 24.Qxe5 Bxc4 25.bxc4 Qxe5 26.Rxe5 Rc7 27.Nf5 Kf8 28.Ne3 Rd8 29.Rb3 Rc6
30.a5 bxa5 31.Rxa5 Ne4 32.Rd3 Rdc8 33.Rda3 Nc5 34.Ra1 Rb8 35.Rd1 g6 36.Rd5 Rbc8
37.Ra1 h5 38.g3 Ra8 39.Ra5 Nb7 40.Ra1 Nc5 41.Ra5 Nb7 42.Ra3 Nc5 43.g4 hxg4
44.Nxg4 Kg7 45.Ne5 Rc7 46.h4 a5 47.h5 Ra6 48.hxg6 fxg6 49.Nd3 Nb7 50.Rb5 Nd6
51.Rbxa5 Rxa5 52.Rxa5 Rxc4 53.Ra6 Nf5 54.Rxg6+ Kh7 55.Rg5 Nd4 56.Rd5 Nxc2
57.Ne5 Rd4 58.Rc5 Nb4 59.Kg2 Rd5 60.Rc7+ Kh6 61.Ng4+ Kg6  1/2-1/2

[Event "Novi Sad ol (Men)"]
[Site "Novi Sad"]
[Date "1990.??.??"]
[Round "2"]
[White "Ye Rongguang"]
[Black "Loheac Amoun, Frank"]
[Result "1-0"]
[WhiteElo "2525"]
[BlackElo "2240"]

1.d4 d6 2.Nc3 Nf6 3.e4 Nbd7 4.Nf3 e5 5.Be2 Be7 6.O-O O-O 7.Re1 c6 8.a4 b6
9.b3 a6 10.Ba3 Bb7 11.Bd3 Re8 12.Ne2 d5 13.Bxe7 Rxe7 14.Ng3 dxe4 15.Nxe4 exd4
16.Nxd4 c5 17.Nxf6+ Nxf6 18.Nf5 Rxe1+ 19.Qxe1 g6 20.Ne3 Qd7 21.Rd1 Qc6 22.Be2 Re8
23.Bf3 Qc7 24.Qe2 b5 25.h3 Kg7 26.Bxb7 Qxb7 27.Qd3 Kg8 28.Qc3 Ne4 29.Qa1 Qb8
30.Ng4 h5 31.Nf6+ Nxf6 32.Qxf6 Qe5 33.Qxa6 Qe2 34.Ra1 bxa4 35.Qxe2 Rxe2 36.bxa4 Rxc2
37.a5 Rb2 38.a6 Rb8 39.Kf1 Kf8 40.Ke2 Ke7 41.Kd3 Kd6 42.Kc4  1-0

[Event "Novi Sad ol (Men)"]
[Site "Novi Sad"]
[Date "1990.??.??"]
[Round "4"]
[White "Gulko, Boris F"]
[Black "Cifuentes Parada, Roberto"]
[Result "1/2-1/2"]
[WhiteElo "2600"]
[BlackElo "2480"]

1.d4 d6 2.e4 Nf6 3.Nc3 e5 4.dxe5 dxe5 5.Qxd8+ Kxd8 6.Nf3 Bd6 7.Bc4 Ke7 8.Bg5 Be6
9.Nd5+ Bxd5 10.Bxd5 c6 11.Bb3 h6 12.Bxf6+ Kxf6 13.O-O-O Rd8 14.Rd3 Be7 15.Rhd1 Rxd3
16.Rxd3 g6 17.Nd2 Kg7 18.Nc4 Bg5+ 19.Kd1 Na6 20.Nxe5 Nc5 21.Rf3 f6 22.Nd3 Nxe4
23.h4 Bd2 24.h5 Re8 25.hxg6 Kxg6 26.g4 Ba5 27.Rf5 Bc7 28.c3 Kg7 29.Bc2  1/2-1/2

[Event "Novi Sad ol (Men)"]
[Site "Novi Sad"]
[Date "1990.??.??"]
[Round "6"]
[White "Juarez Flores, Gustavo E"]
[Black "Loheac Amoun, Frank"]
[Result "1/2-1/2"]
[WhiteElo "2280"]
[BlackElo "2240"]

1.e4 d6 2.d4 Nf6 3.Nc3 Nbd7 4.Be3 e5 5.f3 Be7 6.Nge2 c6 7.Qd2 O-O 8.g4 b5
9.Ng3 Nb6 10.g5 Ne8 11.dxe5 dxe5 12.Qxd8 Bxd8 13.Bc5 Bxg5 14.h4 Bf4 15.Nh5 Bh6
16.Rg1 f6 17.Bxf8 Kxf8 18.Kf2 Be6 19.a3 Rd8 20.Bd3 Kf7 21.Rad1 Rb8 22.b3 a5
23.Ng3 g6 24.Nb1 Bf8 25.Rge1 Bc5+ 26.Kg2 h5 27.Bf1 Ke7 28.Kh2 Nc7 29.Bh3 Bf7
30.Rd2 Ne6 31.Bxe6 Bxe6 32.Kg2 a4 33.Rd3 axb3 34.cxb3 b4 35.a4 Bd4 36.Ne2 c5
37.Nxd4 exd4 38.Nd2 Nd7 39.f4 g5 40.hxg5 fxg5 41.f5 Bf7 42.e5 Nb6 43.e6 Be8
44.Rf3 Bc6 45.f6+ Kd6 46.Ne4+ Kxe6 47.Nxg5+ Kd6 48.Re6+ Kc7 49.Ne4 c4 50.a5 Nd5
51.bxc4 Ne3+ 52.Kf2 Rf8 53.f7 b3 54.Rf4 Nxc4 55.Ng5 b2 56.Re1 Bd5 57.Rb1 d3
58.Rxc4+ Bxc4 59.Ke3 Bxf7 60.Nxf7 Rxf7 61.Rxb2 Rf5 62.Kxd3 Rxa5  1/2-1/2

[Event "Novi Sad ol (Men)"]
[Site "Novi Sad"]
[Date "1990.??.??"]
[Round "10"]
[White "Chandler, Murray G"]
[Black "Wahls, Matthias"]
[Result "1-0"]
[WhiteElo "2560"]
[BlackElo "2525"]

1.e4 d6 2.d4 Nf6 3.Nc3 e5 4.f3 Be7 5.Be3 O-O 6.Qd2 c6 7.Nge2 b5 8.a3 Nbd7
9.g4 Nb6 10.Ng3 exd4 11.Bxd4 d5 12.O-O-O dxe4 13.Ncxe4 Nxe4 14.Nxe4 Be6 15.Qf4 Qb8
16.Be5 Qb7 17.g5 Rfd8 18.Nf6+ Kh8 19.Bd3 Nd5 20.Qh4 a5 21.Qxh7+  1-0

[Event "Novi Sad ol (Men)"]
[Site "Novi Sad"]
[Date "1990.??.??"]
[Round "11"]
[White "De Firmian, Nick E"]
[Black "Strikovic, Aleksa"]
[Result "1-0"]
[WhiteElo "2560"]
[BlackElo "2510"]

1.e4 d6 2.d4 Nf6 3.Nc3 e5 4.Nf3 Nbd7 5.Bc4 Be7 6.O-O O-O 7.Re1 c6 8.a4 a5
9.h3 h6 10.Ba2 Nh7 11.Be3 Ng5 12.dxe5 dxe5 13.Qe2 Nxf3+ 14.Qxf3 Bg5 15.Rad1 Bxe3
16.Qxe3 Qe7 17.Rd2 Nc5 18.Red1 Ne6 19.Ne2 Kh7 20.Bc4 Qc5 21.Qc3 Ng5 22.Ng3 Be6
23.Bxe6 Nxe6 24.Qf3 Nd4 25.Qg4 Rae8 26.c3 Ne6 27.Rd7 b6 28.Nf5 g6 29.Nd6 h5
30.Qh4 Kg7 31.Nxe8+ Rxe8 32.R1d6 Qc4 33.Rxf7+ Kh6 34.Qf6 Nf4 35.h4  1-0

[Event "Novi Sad ol (Men)"]
[Site "Novi Sad"]
[Date "1990.??.??"]
[Round "13"]
[White "Yudasin, Leonid"]
[Black "Ravisekhar, Raja"]
[Result "1-0"]
[WhiteElo "2615"]
[BlackElo "2405"]

1.e4 d6 2.d4 Nf6 3.Nc3 c6 4.f3 e5 5.Be3 Be7 6.Nge2 Na6 7.Qd2 O-O 8.g4 Nc7
9.O-O-O b5 10.Ng3 exd4 11.Bxd4 b4 12.Nce2 Nb5 13.Qxb4 Nxd4 14.Qxd4 Qa5 15.Kb1 Be6
16.Nc1 c5 17.Qd2 Qxd2 18.Rxd2 g6 19.g5 Nd7 20.f4 f6 21.f5 Bf7 22.gxf6 Nxf6
23.Nce2 Rab8 24.Nf4 Rb4 25.Bd3 c4 26.c3 Rb5 27.Be2 Re5 28.Rd4 Rc8 29.Ne6 gxf5
30.exf5 Bxe6 31.fxe6 d5 32.Rhd1 Rf8 33.Bf3 Rd8 34.Kc2 Kg7 35.Bg2 Kf8 36.Bh3 Rb8
37.Rf4 Ke8 38.Rdf1 Nh5 39.Rg4 Nf6 40.Rxf6  1-0

[Event "Oakham"]
[Site "Oakham"]
[Date "1990.??.??"]
[Round "?"]
[White "Ruxton, Keith"]
[Black "Tozer, Richard"]
[Result "1-0"]
[WhiteElo "2325"]
[BlackElo "2290"]

1.e4 d6 2.d4 Nf6 3.Nc3 c6 4.f4 Qa5 5.Bd3 e5 6.Nf3 Bg4 7.dxe5 dxe5 8.fxe5 Nfd7
9.Bf4 Bb4 10.O-O Bxc3 11.bxc3 Na6 12.Bxa6 Qxa6 13.Qd6 Qb6+ 14.Nd4 Qc5 15.h3 Be6
16.Rf2 O-O-O 17.Nxe6 Qxd6 18.exd6 fxe6 19.Raf1 Rdf8 20.Be3 b6 21.Rf7 Rhg8
22.Re7 Rxf1+ 23.Kxf1 e5 24.Ke2 h5 25.Bf2 g6 26.Bg3 a5 27.c4 Rf8 28.Bxe5 Nxe5
29.Rxe5 Kd7 30.c5 bxc5 31.Rxc5 Kxd6 32.Rxa5 Rf4 33.Ke3 Rf1 34.Rg5 Ra1 35.Rxg6+ Kd7
36.Kd4 Rxa2 37.c4 h4 38.Kc5 Ra5+ 39.Kb6 Ra2 40.Rg7+ Kd6 41.c5+ Ke5 42.Rg4 Kd4
43.Kxc6 Ra6+ 44.Kb7  1-0

[Event "Wch U26"]
[Site "Odessa"]
[Date "1990.??.??"]
[Round "2"]
[White "Trifunov, Dimitar"]
[Black "Fernandez Aguado, Enrique"]
[Result "1-0"]
[WhiteElo "2380"]
[BlackElo "2400"]

1.e4 d6 2.d4 Nf6 3.Nc3 c6 4.a4 Qa5 5.Bd2 e5 6.Nf3 Bg4 7.h3 Bxf3 8.Qxf3 Nbd7
9.d5 Be7 10.Bc4 Qc7 11.a5 O-O 12.O-O Rfe8 13.a6 b5 14.Bd3 cxd5 15.Nxd5 Nxd5
16.exd5 Rab8 17.Ra5 Bg5 18.Bb4 e4 19.Bxe4 Qc4 20.Bxd6 Rxe4 21.Bxb8 Bd2 22.Raa1 Nxb8
23.Rad1 Ba5 24.b3 Qe2 25.d6 Nd7 26.Qf5 Re6 27.c4 Qe5 28.Rd5 Qe2 29.Qb1 Bb6
30.Rxb5 Rxd6 31.Qe1 Qe6 32.Qb4 Rd4 33.Re1 Re4 34.Rxe4 Qxe4 35.Qd2 Bc7 36.g3 Nf6
37.Rb7 Qe5 38.Qe3 Qd6 39.Qxa7 Ne8 40.Qa8 Kf8 41.a7  1-0

[Event "Paris-ch"]
[Site "Paris"]
[Date "1990.??.??"]
[Round "?"]
[White "San Marco, Bruno"]
[Black "Dorfman, Josif D"]
[Result "0-1"]
[WhiteElo "2310"]
[BlackElo "2595"]

1.e4 d6 2.d4 Nf6 3.Nc3 c6 4.g3 Nbd7 5.Bg2 e5 6.Nge2 b5 7.O-O Be7 8.h3 O-O
9.Be3 b4 10.Nb1 Bb7 11.Nd2 Re8 12.Nc4 Ba6 13.b3 Nb6 14.Nxb6 axb6 15.Re1 d5
16.dxe5 Nxe4 17.c4 bxc3 18.Qc2 Ba3 19.Rad1 Rxe5 20.Nxc3 Nc5 21.Rd4 Ne6 22.Rh4 g6
23.Rd1 Be7 24.Rg4 Bb7 25.Ra4 Rxa4 26.Nxa4 c5 27.b4 Bc6 28.bxc5 bxc5 29.Nxc5 Rxe3
30.Na6 Qb6 31.fxe3 Qxa6 32.Bxd5 Ba4 33.Qd3 Qd6 34.Rd2 Qxg3+ 35.Rg2 Qe1+  0-1

[Event "World op"]
[Site "Philadelphia"]
[Date "1990.??.??"]
[Round "2"]
[White "Friedman, Aviv"]
[Black "Pettersson, Lars Erik"]
[Result "1-0"]
[WhiteElo "2350"]
[BlackElo "2325"]

1.e4 d6 2.d4 Nf6 3.Nc3 c6 4.f3 Nbd7 5.Be3 Qc7 6.Qd2 b5 7.O-O-O Bb7 8.g4 Nb6
9.g5 Nfd7 10.d5 a6 11.f4 cxd5 12.Nxd5 Nxd5 13.exd5 Nb6 14.Bxb6 Qxb6 15.Bg2 g6
16.Nf3 Bg7 17.Rhe1 Qc7 18.Qe2 Rc8 19.Bh3 Bxb2+ 20.Kb1 O-O 21.Bxc8 Bc3 22.Rd3 Rxc8
23.Nd2 Qa5 24.Nb3 Qb4 25.Rxc3 Qxc3 26.Rd1 Rc7 27.Rd3 Qc4 28.Qd2 Bc8 29.Nd4 Bd7
30.Kb2 b4  1-0

[Event "URS-chT"]
[Site "Podolsk"]
[Date "1990.??.??"]
[Round "?"]
[White "Lanka, Zigurds"]
[Black "Shabanov, Yuri"]
[Result "0-1"]
[WhiteElo "2480"]
[BlackElo "2385"]

1.e4 d6 2.d4 Nf6 3.Nc3 e5 4.Nf3 Nbd7 5.Bc4 Be7 6.O-O O-O 7.Qe2 c6 8.a4 a5
9.h3 h6 10.Rd1 Qc7 11.Ba2 Nh7 12.Be3 Bf6 13.Rd2 Qd8 14.Rad1 Qe7 15.dxe5 dxe5
16.Rd6 Re8 17.Nb1 Ng5 18.Nxg5 Bxg5 19.Na3 Bxe3 20.Qxe3 Nf8 21.Qg3 Qg5 22.Qxg5 hxg5
23.Nc4 Be6 24.Nb6 Ra6 25.Bxe6 Rxb6 26.Bb3 Rb4 27.Re1 c5 28.Bd5 Rxb2 29.c3 Re7
30.Rd8 g6 31.Rc8 b6 32.Re3 Kg7 33.Rd3 Nh7 34.Bc6 Nf6 35.g3 g4 36.h4 Re2 37.Kf1 Rc2
38.Rb8 Re6 39.Rc8 c4 40.Rdd8 Rxc3 41.Bd5 Re7 42.Rd6 Nxd5 43.exd5 e4 44.Rdc6 e3
45.Rxc4 e2+ 46.Ke1 Rd3 47.Rc1 Rxd5 48.R8c6 Rd4 49.Rxb6 Rxa4 50.Rb2 Rae4 51.Ra1 a4
52.Ra3 f5 53.Rba2 Rb7 54.Ra1 Ra7 55.R1a2 Rb7 56.Ra1 Ra7 57.R1a2 Kf6 58.Rb2 Ra6
59.Rb1 Ke6 60.Rb2 Kd6 61.Rd3+ Kc7 62.Ra2 Rd6 63.Rc2+ Kd7 64.Rxd6+ Kxd6 65.Rc8 Kd5
66.Rg8 Kc4 67.Rxg6 a3 68.Ra6  0-1

[Event "URS-chT"]
[Site "Podolsk"]
[Date "1990.??.??"]
[Round "?"]
[White "Smagin, Sergey"]
[Black "Gabdrakhmanov, Rafail"]
[Result "1-0"]
[WhiteElo "2520"]
[BlackElo "2350"]

1.e4 d6 2.d4 Nf6 3.Nc3 Nbd7 4.Nf3 e5 5.Bc4 Be7 6.O-O O-O 7.Re1 c6 8.a4 Qe8
9.a5 Bd8 10.d5 Bc7 11.b4 a6 12.Bf1 Kh8 13.Na4 b5 14.dxc6 Nb8 15.Nc3 Qxc6
16.Nd5 Bd8 17.Ra3 Be6 18.Nxf6 Bxf6 19.Bg5 Nd7 20.Rd3 Qc7 21.Rxd6 h6 22.Bxf6 Nxf6
23.Nxe5 Rfc8 24.f4 Rd8 25.Rd3 Rac8 26.Qd2 Re8 27.c3 Bc4 28.Rd4 Bxf1 29.Rxf1 Rxe5
30.fxe5 Qxe5 31.Rd8+ Rxd8 32.Qxd8+ Kh7 33.Qd4 Qe6 34.e5 Ng4 35.Re1 f5 36.h3 Nf6
37.Qd6 Qe8 38.e6 Ne4 39.Qxa6 g6 40.Rd1 h5 41.e7  1-0